Textos sobre Hegel
Spremljeno u:
| Glavni autori: | , |
|---|---|
| Format: | Knjiga |
| Jezik: | španjolski |
| Izdano: |
Buenos Aires
Calden
1969
|
| Serija: | Colección El Hombre y su Mundo, 4
|
| Teme: | |
| Oznake: |
Dodaj oznaku
Bez oznaka, Budi prvi tko označuje ovaj zapis!
|
MARC
| LEADER | 00000nam a2200000 a 4500 | ||
|---|---|---|---|
| 001 | UCN0858 | ||
| 003 | CL-VaPUC | ||
| 005 | 20230421074440.0 | ||
| 008 | 010406e19690000AG |||||||||||||||||spa|d | ||
| 999 | |c 294473 |d 294471 | ||
| 040 | |c Pontificia Universidad Católica de Valparaíso | ||
| 082 | 0 | 4 | |a 193 |b MAR |2 21 |
| 100 | |a Marx, Karl Heinrich |e autor |9 863668 | ||
| 245 | 1 | 0 | |a Textos sobre Hegel |
| 246 | 1 | 3 | |a El problema hegeliano |
| 260 | |a Buenos Aires |b Calden |c 1969 | ||
| 300 | |a 93 p | ||
| 490 | 0 | |a Colección El Hombre y su Mundo, 4 | |
| 583 | |a last modification |c 20010406 00:00:00 |k Rodrigo Vera | ||
| 600 | 0 | |a Hegel, Georg Wilhelm Friedrich |d 1770-1831 |9 860268 | |
| 650 | 7 | |a FILOSOFOS ALEMANES |2 CL-VaPUC |9 456120 | |
| 650 | 0 | |a Filosofía alemana |9 265002 | |
| 700 | |a Garaudy, Roger |e author |9 573992 | ||
| 942 | |c BK |2 ddc | ||
| 945 | |d 20010406 00:00:00 |a cmena | ||
| 952 | |0 0 |1 0 |4 0 |6 193_000000000000000_MAR_1969 |7 0 |8 A |9 346941 |a FDOPOS |b FDOPOS |d 2019-11-20 |i 4269535 |o 193 MAR 1969 |p 4269535 |r 2025-01-22 |w 2019-11-20 |y BK |k MLA | ||